00446nam a2200145Ia 4500008004100000040001900041041001200060082002800072100001900100245008700119260003600206300000900242650002700251850002200278131103s9999 xx 000 0 und d aLoreto College aEnglish a891.431/DIN-BALbLCLIB/ aBali,Taraknath aRamdhari Singh Dinkar aur unka Kurukshetrab Alochana ebang tika cTaraknath Bali aAgrabVinod Pustak Mandirc1959 a213p aHindi poetry-criticism aLCLIB/891.431/DIN